00539nam a2200169Ia 4500001001000000003000500010008004100015010001100056040000900067082001400076100002100090245011300111260002500224300001100249650008300260700002600343Para_2765CHAP220125s1979 xx 000 0 und d a201223 cCHAP aPA 634 B6 aBoethel, David J aPest management programs for deciduous tree fruits and nuts /c by David J.Boethel and Raymond D. Eikenbary aNew York :b Plenum a256 p. aArboles frutales x Plagas Fruta x Plagas Nuez x Plagas Control de plagas aEikenbary, Raymond D.